[Event "28th Czech Open A 2017"]
[Site "Pardubice CZE"]
[Date "2017.07.22"]
[Round "2.4"]
[White "Sindarov, Javokhir"]
[Black "Gopal, G.N."]
[Result "0-1"]
[WhiteTitle "CM"]
[BlackTitle "GM"]
[WhiteElo "2383"]
[BlackElo "2580"]
[WhiteFideId "14205483"]
[BlackFideId "5015693"]
[EventDate "2017.07.21"]

1. c4 c5 2. Nf3 Nf6 3. Nc3 d5 4. cxd5 Nxd5 5. e4 Nb4 6. Bc4 Nd3+ 7. Ke2 Nf4+ 8.
Kf1 Ne6 9. h4 h5 10. d3 Nc6 11. Be3 g6 12. Ng5 Bg7 13. Nxe6 Bxe6 14. Bxc5 O-O
15. Nd5 Rc8 16. Ba3 Qd7 17. Rc1 Bxd5 18. Bxd5 Nd4 19. Bc5 b6 20. Bxd4 Bxd4 21.
Rc4 Bxb2 22. Qb3 Rxc4 23. Bxc4 Bd4 24. g3 e6 25. Kg2 Rc8 26. Rc1 Rc5 27. a4 Qc7
28. Rb1 Kg7 29. Qa2 a6 30. Qd2 Qc6 31. Qb4 Rf5 32. f4 Rc5 33. Kh3 Qd7 34. Kg2
Ra5 35. Bb3 Rc5 36. Bc4 e5 37. fxe5 Qg4 38. Qd2 Rxc4 39. dxc4 Qxe4+ 40. Kh2 Bxe5
41. Qe1 Qxh4+ 42. Kg2 Qg5 43. Rd1 h4 44. Rd5 Bxg3 45. Rxg5 Bxe1 46. Kh3 f5 47.
Rg1 Bb4 48. Kxh4 Kf6 49. Rg2 a5 50. Re2 g5+ 51. Kh5 g4 52. Kh4 Bc5 53. Kh5 Bd4
54. Kh4 Be5 55. Rc2 Bd4 56. Re2 Kg6 57. Re6+ Bf6+ 58. Kg3 Kg5 59. Rxb6 f4+ 60.
Kh2 f3 61. Rb5+ Kf4 62. c5 g3+ 63. Kh3 g2 64. Rb1 Ke3 65. c6 Be5 66. Rc1 Bc7 67.
Rb1 Ke4 68. Rd1 Bd6 69. Re1+ Kd5 70. Rc1 Bc7 71. Rd1+ Kxc6 72. Rc1+ Kd5 73. Rd1+
Kc4 0-1

[Event "28th Czech Open A 2017"]
[Site "Pardubice CZE"]
[Date "2017.07.22"]
[Round "2.5"]
[White "Ghosh, Diptayan"]
[Black "Raja, Harshit"]
[Result "1/2-1/2"]
[WhiteTitle "GM"]
[WhiteElo "2569"]
[BlackElo "2377"]
[WhiteFideId "5045207"]
[BlackFideId "5089000"]
[EventDate "2017.07.21"]

1. Nf3 Nf6 2. g3 g6 3. Bg2 d5 4. d4 Bg7 5. O-O O-O 6. c4 c6 7. b3 dxc4 8. bxc4
c5 9. Bb2 Qb6 10. Qc1 cxd4 11. Nxd4 Bd7 12. Nd2 Nc6 13. Nc2 Rac8 14. Rb1 Qa6 15.
Bc3 Rfd8 16. Qb2 Na5 17. Ne3 Be6 18. Rfc1 b6 19. Qa3 Ng4 20. Nxg4 Bxg4 21. Bxg7
Kxg7 22. Bd5 e6 23. Bg2 Bxe2 24. Qb2+ Kg8 25. Ne4 Rxc4 26. Nf6+ Kf8 27. Nxh7+
Kg8 28. Nf6+ Kf8 29. Re1 Bd3 30. Rbd1 Rcd4 31. Bf1 Qc4 32. Nh7+ Kg8 33. Nf6+ Kf8
34. Nh7+ 1/2-1/2

[Event "28th Czech Open A 2017"]
[Site "Pardubice CZE"]
[Date "2017.07.22"]
[Round "2.6"]
[White "Brkic, Ante"]
[Black "Erenberg, Ariel"]
[Result "1/2-1/2"]
[WhiteTitle "GM"]
[BlackTitle "IM"]
[WhiteElo "2565"]
[BlackElo "2375"]
[WhiteFideId "14506688"]
[BlackFideId "2811634"]
[EventDate "2017.07.21"]

1. e4 e5 2. Nf3 Nc6 3. Bc4 Bc5 4. c3 Nf6 5. d3 d6 6. Bg5 h6 7. Bh4 g5 8. Bg3 O-O
9. Nbd2 a6 10. a4 Kg7 11. h3 Ba7 12. Bh2 Nh7 13. g4 Nf6 14. Qe2 Re8 15. Bg3 Ne7
16. Bb3 Ng6 17. Nc4 Be6 18. Bc2 Bxc4 19. dxc4 Qe7 20. O-O-O Rad8 21. Kb1 Rh8 22.
Rdg1 Nd7 23. Nd2 Nf4 24. Qf3 Qe6 25. Rd1 Rb8 26. h4 Qf6 27. Nf1 Ng6 28. Qxf6+
Nxf6 29. h5 Nf4 30. f3 a5 31. Be1 Ng8 32. Bd2 Ne7 33. Ne3 Bxe3 34. Bxe3 b6 35.
Rd2 Ne6 36. Ka2 Rhd8 37. Rhd1 Nc6 38. Ka3 Kf6 39. Bb3 Nc5 40. Bc2 Ne6 41. Bb3
Nc5 42. Bc2 1/2-1/2

[Event "28th Czech Open A 2017"]
[Site "Pardubice CZE"]
[Date "2017.07.22"]
[Round "2.7"]
[White "Popov, Mikhail"]
[Black "Lintchevski, Daniil"]
[Result "1/2-1/2"]
[WhiteTitle "FM"]
[BlackTitle "GM"]
[WhiteElo "2374"]
[BlackElo "2562"]
[WhiteFideId "4146182"]
[BlackFideId "4171055"]
[EventDate "2017.07.21"]

1. Nf3 Nf6 2. c4 e6 3. Nc3 d5 4. d4 a6 5. cxd5 exd5 6. Bf4 Bd6 7. Bxd6 Qxd6 8.
e3 O-O 9. Qc2 Nc6 10. a3 Bg4 11. Be2 Rae8 12. O-O Ne4 13. Rac1 Kh8 14. Nd2 Nxd2
15. Qxd2 f5 16. Bxg4 fxg4 17. Ne2 Re6 18. Qc2 Rh6 19. Ng3 Qd8 20. Nf5 Rhf6 21.
Ng3 Rh6 22. Nf5 Re6 23. Ng3 Qh4 24. Qc5 Qd8 25. Ne2 Rh6 26. Nf4 Rf5 27. g3 Rhf6
28. b4 g5 29. Nd3 Qe8 30. Ne5 Nxe5 1/2-1/2

[Event "28th Czech Open A 2017"]
[Site "Pardubice CZE"]
[Date "2017.07.22"]
[Round "2.8"]
[White "Michalik, Peter"]
[Black "Khaetsky, Roman"]
[Result "1/2-1/2"]
[WhiteTitle "GM"]
[BlackTitle "IM"]
[WhiteElo "2557"]
[BlackElo "2373"]
[WhiteFideId "14907526"]
[BlackFideId "14106221"]
[EventDate "2017.07.21"]

1. e4 Nf6 2. e5 Nd5 3. d4 d6 4. Nf3 dxe5 5. Nxe5 c6 6. Bc4 Nd7 7. Nd3 N7b6 8.
Bb3 a5 9. a4 Bf5 10. Qe2 e6 11. c3 Bd6 12. Nd2 Nf4 13. Nxf4 Bxf4 14. g3 Bxd2+
15. Bxd2 Nd5 16. O-O O-O 17. f4 Qb6 18. Ra3 h6 19. g4 Bh7 20. Be1 Rae8 21. Bg3
f5 22. h3 Kh8 23. Bd1 fxg4 24. hxg4 Qc7 25. Qe5 Qxe5 26. dxe5 g5 27. fxg5 Rxf1+
28. Kxf1 Ne3+ 29. Ke2 Nxd1 30. Kxd1 Rd8+ 31. Kc1 1/2-1/2

[Event "28th Czech Open A 2017"]
[Site "Pardubice CZE"]
[Date "2017.07.22"]
[Round "2.9"]
[White "Yagupov, Igor"]
[Black "Dvoirys, Semen I."]
[Result "1/2-1/2"]
[WhiteTitle "GM"]
[BlackTitle "GM"]
[WhiteElo "2372"]
[BlackElo "2552"]
[WhiteFideId "4113632"]
[BlackFideId "4100379"]
[EventDate "2017.07.21"]

1. e4 c5 2. Nf3 d6 3. d4 cxd4 4. Nxd4 Nf6 5. Nc3 a6 6. Be3 e5 7. Nb3 Be6 8. f3
Nbd7 9. Qd2 Be7 10. O-O-O b5 11. g4 h6 12. h4 Qc7 13. Kb1 Nb6 14. Qf2 Rb8 15.
Rh2 b4 16. Bxb6 Qxb6 17. Qxb6 Rxb6 18. Na4 Rb8 19. Na5 Bd7 20. b3 O-O 21. Nc4
Bb5 22. Ne3 g6 23. Nb2 Rfc8 24. Bxb5 Rxb5 25. Nbc4 Ne8 26. Nd5 Bd8 27. Kb2 Kg7
28. Rd3 Rc6 29. Rh1 Rb8 30. a3 bxa3+ 31. Nxa3 Bb6 32. c3 Rcc8 33. Kc2 Bd8 34.
Rdd1 Rc5 35. Ra1 Nf6 36. Nxf6 Kxf6 37. Nc4 Rc6 38. Ra4 Ke6 39. h5 Bg5 40. Rha1
Ra8 41. Rb4 gxh5 42. gxh5 Rf8 43. Rb6 Rxb6 44. Nxb6 f5 45. Rxa6 fxe4 46. fxe4
Rf2+ 47. Kd3 Rd2+ 48. Kc4 Re2 49. Nc8 Rxe4+ 50. Kb5 Be7 51. c4 Rd4 52. c5 e4 53.
Nxe7 Kxe7 54. Ra7+ Kd8 55. c6 e3 56. Ra8+ Kc7 57. Ra7+ Kd8 58. Rg7 Re4 59. c7+
Kc8 60. Kc6 Re8 61. Rg1 d5 62. Ra1 Re6+ 63. Kxd5 Rb6 64. Ke4 1/2-1/2

[Event "28th Czech Open A 2017"]
[Site "Pardubice CZE"]
[Date "2017.07.22"]
[Round "2.10"]
[White "Babula, Vlastimil"]
[Black "Swicarz, Maciej"]
[Result "0-1"]
[WhiteTitle "GM"]
[WhiteElo "2551"]
[BlackElo "2372"]
[WhiteFideId "301264"]
[BlackFideId "1113585"]
[EventDate "2017.07.21"]

1. d4 f5 2. g3 Nf6 3. Bg2 g6 4. Nf3 Bg7 5. b3 O-O 6. O-O d6 7. Bb2 Ne4 8. Nbd2
Nc6 9. Ne1 Ng5 10. f4 Nf7 11. Nc4 Rb8 12. e3 Qe8 13. a4 b6 14. d5 Bxb2 15. Nxb2
Ncd8 16. c4 e5 17. a5 bxa5 18. Ned3 Nb7 19. Re1 e4 20. Nc1 h5 21. Na4 Bd7 22.
Nc3 Nh6 23. N1e2 Nc5 24. Nd4 a4 25. bxa4 Rb4 26. Bf1 Qb8 27. a5 Qb7 28. Ncb5 a6
29. Qd2 Ra4 30. Rxa4 Nxa4 31. Nc3 Nc5 32. Rb1 Qa7 33. Nb3 Nxb3 34. Rxb3 Rb8 35.
Qd4 Qa8 36. Rxb8+ Qxb8 37. c5 Qb2 38. c6 Be8 39. Bxa6 Qa1+ 40. Kg2 Qxa5 41. Be2
Bf7 42. h3 Kf8 43. Qf6 Ke8 44. Nb5 Ng8 45. Qc3 Qxc3 46. Nxc3 Ne7 47. Bc4 Kd8 48.
Ba2 Kc8 49. Kf2 Kb8 50. Ke2 Ka7 51. Kd2 Kb6 52. Kc2 Kc5 53. Na4+ Kb4 54. Nc3 Nc8
55. Ne2 Kc5 56. g4 hxg4 57. hxg4 Ne7 58. gxf5 gxf5 59. Nd4 Bxd5 60. Bxd5 Kxd5
61. Kc3 Kc5 62. Kd2 d5 63. Kc3 Kd6 64. Kd2 Nxc6 65. Nxf5+ Ke6 66. Ng7+ Kf7 67.
Nf5 Kf6 68. Ng3 Ne7 69. Ne2 Nf5 70. Nc3 Ke6 71. Ne2 Kd6 72. Nc3 Kc5 73. Nd1 Kb4
74. Kc2 c5 75. Kb2 Kc4 76. Kc2 d4 77. exd4 cxd4 78. Nb2+ Kd5 79. Kd2 Nd6 80. Nd1
Nc4+ 81. Kc2 Ke6 82. Nf2 Kf5 83. Kb3 Nd6 84. Kb4 e3 85. Nd3 Ke4 0-1

[Event "28th Czech Open A 2017"]
[Site "Pardubice CZE"]
[Date "2017.07.22"]
[Round "2.11"]
[White "Ladva, Ottomar"]
[Black "Pulpan, Jakub"]
[Result "1-0"]
[WhiteTitle "GM"]
[BlackTitle "FM"]
[WhiteElo "2531"]
[BlackElo "2368"]
[WhiteFideId "4500024"]
[BlackFideId "302759"]
[EventDate "2017.07.21"]

1. c4 Nf6 2. Nc3 e5 3. e3 Bb4 4. Qc2 O-O 5. Nf3 Re8 6. Be2 Bxc3 7. Qxc3 d6 8.
O-O a5 9. h3 b6 10. b3 Bb7 11. Bb2 Nbd7 12. d4 exd4 13. Qxd4 Qe7 14. Rfd1 Nc5
15. Qh4 Nfe4 16. Qxe7 Rxe7 17. Nd4 g6 18. Nb5 a4 19. b4 Ne6 20. a3 f5 21. Bd3 f4
22. f3 N4g5 23. h4 Nf7 24. Bf6 Rd7 25. exf4 Nxf4 26. Bf1 Re8 27. Nc3 Re6 28. Bd4
g5 29. g3 c5 30. Bf2 Ne5 31. gxf4 Nxf3+ 32. Kh1 1-0

[Event "28th Czech Open A 2017"]
[Site "Pardubice CZE"]
[Date "2017.07.22"]
[Round "2.12"]
[White "Zvara, Petr"]
[Black "Paravyan, David"]
[Result "0-1"]
[WhiteTitle "IM"]
[BlackTitle "IM"]
[WhiteElo "2370"]
[BlackElo "2531"]
[WhiteFideId "304000"]
[BlackFideId "4194985"]
[EventDate "2017.07.21"]

1. e4 c5 2. Nf3 Nc6 3. Nc3 g6 4. d4 cxd4 5. Nxd4 Bg7 6. Be3 Nf6 7. Bc4 O-O 8.
Bb3 Re8 9. f3 e6 10. O-O d5 11. exd5 Nxd5 12. Nxd5 exd5 13. Bf2 Qg5 14. c3 Bh3
15. Bg3 Nxd4 16. cxd4 Bd7 17. Be5 Qe3+ 18. Kh1 Bxe5 19. dxe5 Rxe5 20. Bxd5 Qf4
21. Kg1 Rh5 22. Bxb7 Qxh2+ 23. Kf2 Qh4+ 24. Kg1 Qh2+ 25. Kf2 Rb5 26. Bxa8 Rxb2+
27. Ke3 Qe5+ 28. Be4 Qc5+ 29. Qd4 Re2+ 30. Kxe2 Qxd4 31. Rab1 Be6 32. Rfd1 Bc4+
33. Bd3 Bxa2 34. Rbc1 Bb3 35. Rc8+ Kg7 36. Bc2 Bc4+ 37. Bd3 Qb2+ 38. Rd2 Qe5+
39. Kf2 Qg5 40. Rd1 Qh4+ 41. Ke2 Be6 42. Rc3 h5 43. Ra3 Qg3 44. Kf1 h4 45. Ba6
h3 46. gxh3 Bxh3+ 47. Ke2 Qe5+ 48. Re3 Qb2+ 49. Rd2 Qa1 0-1

[Event "28th Czech Open A 2017"]
[Site "Pardubice CZE"]
[Date "2017.07.22"]
[Round "2.13"]
[White "Heidrich, Manfred"]
[Black "Lalith, Babu M R"]
[Result "0-1"]
[WhiteTitle "FM"]
[BlackTitle "GM"]
[WhiteElo "2366"]
[BlackElo "2530"]
[WhiteFideId "4602722"]
[BlackFideId "5024595"]
[EventDate "2017.07.21"]

1. e4 Nf6 2. Nc3 d5 3. e5 Nfd7 4. d4 e6 5. f4 c5 6. Nf3 Nc6 7. Be3 Be7 8. Qd2 a6
9. Be2 b5 10. a3 O-O 11. O-O Bb7 12. dxc5 Bxc5 13. Bxc5 Nxc5 14. Bd3 b4 15. Ne2
bxa3 16. Rxa3 Qb6 17. Qe3 Rfd8 18. Ned4 Nxd4 19. Qxd4 a5 20. Rfa1 a4 21. f5 exf5
22. Bxf5 g6 23. Bd3 Rdc8 24. Kh1 Qd8 25. Rf1 Ne6 26. Qf2 Qe7 27. Nd4 Nxd4 28.
Qxd4 Bc6 29. Qf4 Rab8 30. b3 Be8 31. Rfa1 Rb4 32. Qf6 Qxf6 33. exf6 axb3 34.
Rxb3 Rxb3 35. cxb3 Kf8 36. Bf1 Rb8 37. Kg1 Rxb3 38. Ra8 Rb6 39. Rd8 d4 40. g3
Rxf6 41. Bb5 Re6 42. Bxe8 Rxe8 43. Rxd4 Re2 44. Rd7 Kg7 45. Rd6 g5 46. g4 Re4
47. h3 h5 48. gxh5 Rh4 49. Kg2 Rxh5 50. Kg3 Rh4 51. Ra6 Rd4 52. Rb6 f6 53. Ra6
Kg6 54. Ra5 f5 55. Ra6+ Kh5 56. Rf6 f4+ 57. Kg2 Rd2+ 58. Kg1 Kh4 59. Rg6 Rd3 0-1

[Event "28th Czech Open A 2017"]
[Site "Pardubice CZE"]
[Date "2017.07.22"]
[Round "2.14"]
[White "Stefansson, Hannes"]
[Black "Koscielski, Janusz"]
[Result "1-0"]
[WhiteTitle "GM"]
[BlackTitle "FM"]
[WhiteElo "2530"]
[BlackElo "2354"]
[WhiteFideId "2300087"]
[BlackFideId "4614437"]
[EventDate "2017.07.21"]

1. d4 Nf6 2. c4 g6 3. Nf3 Bg7 4. g3 O-O 5. Bg2 d6 6. O-O Nc6 7. Nc3 e5 8. h3 Bd7
9. Be3 exd4 10. Nxd4 Re8 11. Qd2 Nxd4 12. Bxd4 Bc6 13. Nd5 Ne4 14. Bxe4 Rxe4 15.
Bxg7 Kxg7 16. Qc3+ f6 17. Rfe1 Rc8 18. Rad1 Qf8 19. f3 Ree8 20. e4 Qf7 21. g4
Bxd5 22. Rxd5 Kg8 23. Red1 Re5 24. b3 Rce8 25. c5 Rxd5 26. Rxd5 dxc5 27. Qxc5 c6
28. Rd2 a6 29. Kg2 Qe7 30. Rd6 Qe5 31. Qxe5 Rxe5 32. Rxf6 Rc5 33. Rd6 Rc2+ 34.
Kg3 g5 35. Rd8+ Kg7 36. Rd7+ Kg6 37. Rxb7 Rxa2 38. Rb6 a5 39. Rxc6+ Kg7 40. Rc5
h6 41. h4 Kg6 42. h5+ Kg7 43. f4 gxf4+ 44. Kxf4 a4 45. bxa4 Rxa4 46. Rc7+ Kg8
47. Kf5 1-0

[Event "28th Czech Open A 2017"]
[Site "Pardubice CZE"]
[Date "2017.07.22"]
[Round "2.15"]
[White "Gheng, Josef"]
[Black "Demidov, Mikhail"]
[Result "1/2-1/2"]
[WhiteTitle "FM"]
[BlackTitle "IM"]
[WhiteElo "2347"]
[BlackElo "2524"]
[WhiteFideId "4618041"]
[BlackFideId "4197143"]
[EventDate "2017.07.21"]

1. d4 Nf6 2. Nf3 e6 3. c4 d5 4. Nc3 c6 5. e3 Nbd7 6. cxd5 exd5 7. Bd3 Bd6 8. a3
O-O 9. Qc2 Re8 10. Bd2 Qe7 11. b4 a6 12. Na4 Ne4 13. O-O Rb8 14. Bc3 Ndf6 15.
Bb2 Ng4 16. h3 Nh6 17. Nc5 f6 18. Nd2 f5 19. Rae1 Nf7 20. f3 Ng3 21. Rf2 Bf4 22.
Nf1 Nxf1 23. Kxf1 Bg3 24. Bxf5 Bxf5 25. Qxf5 b6 26. Nd3 Nd6 27. Qg4 Bxf2 28.
Kxf2 Nc4 29. Bc1 a5 30. e4 dxe4 31. Rxe4 Qf7 32. Ne5 Nxe5 33. dxe5 axb4 34. e6
Qf6 35. axb4 Rb7 36. h4 c5 37. Bg5 Qb2+ 38. Kg3 Qb3 39. Qf5 Qd3 40. bxc5 bxc5
41. Qxc5 Qb5 42. Be3 Qb3 43. f4 g6 44. Kh2 Qb5 45. h5 Qxc5 46. Bxc5 Rb5 47. Re5
Rc8 48. e7 Kf7 49. hxg6+ hxg6 50. f5 gxf5 51. Rxf5+ Kg6 52. g4 Rb2+ 53. Kg3 Re2
54. Rf8 Rxc5 55. e8=Q+ Rxe8 1/2-1/2

[Event "28th Czech Open A 2017"]
[Site "Pardubice CZE"]
[Date "2017.07.22"]
[Round "2.16"]
[White "Geller, Jakov"]
[Black "Sodoma, Jan"]
[Result "1-0"]
[WhiteTitle "GM"]
[BlackTitle "IM"]
[WhiteElo "2519"]
[BlackElo "2351"]
[WhiteFideId "4151984"]
[BlackFideId "323195"]
[EventDate "2017.07.21"]

1. e4 e5 2. Nf3 Nc6 3. Bc4 Bc5 4. d3 Nf6 5. O-O a6 6. c3 Ba7 7. h3 d6 8. Bb3 O-O
9. Re1 Ne7 10. Nbd2 Ng6 11. Nf1 Re8 12. Ng3 h6 13. d4 Be6 14. Bc2 c6 15. Be3 Qc7
16. Qd2 Bb6 17. Bb3 exd4 18. Bxd4 Ne5 19. Nh4 Bxb3 20. axb3 d5 21. f4 Ng6 22.
Nxg6 fxg6 23. e5 Nh7 24. b4 g5 25. Kh2 gxf4 26. Qxf4 Bxd4 27. Qxd4 Ng5 28. h4
Nf7 29. e6 Nd6 30. Kh3 Re7 31. Qg4 Rf8 32. Rf1 Ree8 33. Rae1 Qe7 34. Nf5 Nxf5
35. Rxf5 Rxf5 36. Qxf5 Rf8 37. Qe5 Re8 38. Re3 Rf8 39. Rf3 Re8 40. Re3 Rf8 41.
g3 Rf1 42. Kg2 Rf8 43. Rf3 Rxf3 44. Kxf3 h5 45. Kf4 g6 46. Qb8+ Kg7 47. Ke5 d4
48. cxd4 Qf6+ 49. Kd6 Qxd4+ 50. Ke7 Qxb4+ 51. Qd6 Qxb2 52. Kd8 Qe2 53. e7 1-0

[Event "28th Czech Open A 2017"]
[Site "Pardubice CZE"]
[Date "2017.07.22"]
[Round "2.17"]
[White "Seger, Ruediger"]
[Black "Cvek, Robert"]
[Result "1/2-1/2"]
[WhiteTitle "IM"]
[BlackTitle "GM"]
[WhiteElo "2346"]
[BlackElo "2516"]
[WhiteFideId "4617274"]
[BlackFideId "307424"]
[EventDate "2017.07.21"]

1. e4 c5 2. c3 Nf6 3. e5 Nd5 4. d4 cxd4 5. Nf3 e6 6. cxd4 d6 7. Bc4 Nb6 8. Bd3
Nc6 9. O-O Nb4 10. Be2 Be7 11. Nc3 dxe5 12. Nxe5 O-O 13. Bf3 N4d5 14. Qb3 Qd6
15. a3 f6 16. Nd3 Kh8 17. Bd2 Nxc3 18. Bxc3 Nd5 19. Bxd5 exd5 20. Bb4 Qb6 21.
Rfe1 Bxb4 22. Qxb4 Qxb4 23. Nxb4 Rd8 24. Nxd5 Bg4 25. Ne3 Rxd4 26. Nxg4 Rxg4 27.
Re7 b5 28. Rd1 h6 29. h3 Rg5 30. h4 Rg4 31. g3 a5 32. Rb7 b4 33. axb4 axb4 34.
Rd5 Ra2 35. Rb8+ Kh7 36. h5 Rg5 37. Rxg5 hxg5 38. Rxb4 g4 39. Rb5 Ra1+ 40. Kg2
Rc1 41. b4 Rb1 42. Rb8 Kh6 43. b5 Kxh5 44. b6 Kg5 45. Rb7 Kf5 46. Rxg7 1/2-1/2

[Event "28th Czech Open A 2017"]
[Site "Pardubice CZE"]
[Date "2017.07.22"]
[Round "2.18"]
[White "Schlosser, Philipp"]
[Black "Chekletsov, Ilya"]
[Result "1/2-1/2"]
[WhiteTitle "GM"]
[BlackTitle "FM"]
[WhiteElo "2516"]
[BlackElo "2350"]
[WhiteFideId "4600169"]
[BlackFideId "24177156"]
[EventDate "2017.07.21"]

1. c4 Nf6 2. Nc3 e6 3. e4 d5 4. e5 d4 5. exf6 dxc3 6. bxc3 Qxf6 7. d4 e5 8. Nf3
exd4 9. Bg5 Qd6 10. cxd4 Be7 11. Be3 Bg4 12. Be2 O-O 13. O-O b6 14. h3 Bh5 15.
g4 Bg6 16. Ne5 Be4 17. Bf3 Bxf3 18. Qxf3 c6 19. Rad1 f6 20. Nd3 Na6 21. Rfe1 Qd7
22. Nf4 Bb4 23. Re2 Rfe8 24. Kg2 Rad8 25. d5 cxd5 26. Nxd5 Qf7 27. a4 Bc5 28.
Rde1 Bxe3 29. Rxe3 Rxe3 30. Qxe3 Nc7 31. Ne7+ Kh8 32. c5 Nd5 33. Qd4 bxc5 34.
Qxc5 Nf4+ 35. Kg3 Nd3 36. Qa5 Re8 37. Re3 Ne5 38. Nf5 Nc6 39. Qc5 Rxe3+ 40. Nxe3
Qc7+ 41. f4 h6 42. h4 Qd7 43. Qd5 Qc7 44. h5 Ne7 45. Qa8+ Kh7 46. Kf3 Qd7 47. a5
Nc6 48. a6 Qe6 49. Qb7 Nd4+ 50. Kf2 Qa2+ 51. Kg3 Qd2 52. Qe4+ Kh8 53. Qa8+ Kh7 1/2-1/2

[Event "28th Czech Open A 2017"]
[Site "Pardubice CZE"]
[Date "2017.07.22"]
[Round "2.19"]
[White "Spalir, Jernej"]
[Black "Vetoshko, Volodymyr"]
[Result "1-0"]
[WhiteTitle "FM"]
[BlackTitle "GM"]
[WhiteElo "2342"]
[BlackElo "2505"]
[WhiteFideId "14606518"]
[BlackFideId "14122480"]
[EventDate "2017.07.21"]

1. d4 Nf6 2. c4 e6 3. Nf3 c5 4. d5 b5 5. Bg5 exd5 6. cxd5 h6 7. Bxf6 Qxf6 8. Qc2
Be7 9. e4 Qb6 10. a4 bxa4 11. Rxa4 O-O 12. Nbd2 d6 13. Be2 Na6 14. Nc4 Qd8 15.
O-O Nb4 16. Qd2 Re8 17. Rfa1 Bf8 18. Bd3 a6 19. Re1 Bg4 20. Bb1 Bd7 21. Ra1 Bb5
22. Bd3 g5 23. Bf1 Bg7 24. h3 Rb8 25. Nh2 Rb7 26. Kh1 Rbe7 27. f3 Qd7 28. Ne3
Bxf1 29. Rxf1 Qb5 30. Nf5 Qd3 31. Qxd3 Nxd3 32. Nxe7+ Rxe7 33. Rxa6 c4 34. Rxd6
Bxb2 35. Ng4 Ra7 36. Rc6 c3 37. d6 Kf8 38. Rd1 Nb4 39. Rc8+ Kg7 40. d7 1-0

[Event "28th Czech Open A 2017"]
[Site "Pardubice CZE"]
[Date "2017.07.22"]
[Round "2.20"]
[White "Kovacevic, Blazimir"]
[Black "Tate, Alan"]
[Result "1/2-1/2"]
[WhiteTitle "IM"]
[BlackTitle "FM"]
[WhiteElo "2499"]
[BlackElo "2350"]
[WhiteFideId "14502712"]
[BlackFideId "2401878"]
[EventDate "2017.07.21"]

1. c4 c6 2. Nc3 d5 3. d4 Nf6 4. cxd5 cxd5 5. Bf4 Nc6 6. e3 Bf5 7. Qb3 Na5 8.
Qa4+ Bd7 9. Qc2 e6 10. Bd3 Nc6 11. a3 Nh5 12. Be5 f6 13. Bg3 f5 14. Qe2 Nf6 15.
Nf3 Be7 16. O-O O-O 17. Rac1 Rc8 18. Nd2 Be8 19. Nb3 Bh5 20. Qd2 Ne4 21. Nxe4
fxe4 22. Bb5 Qb6 23. Bxc6 Rxc6 24. Rxc6 bxc6 25. Qc3 Be2 26. Rc1 Rc8 27. h3 Ba6
28. Kh2 Qb5 29. Nc5 Bxc5 30. dxc5 Qb7 31. Qe5 Qf7 32. Qd6 Qe8 33. Rd1 Rd8 34.
Qc7 Qd7 35. Qe5 Bd3 36. f4 Qe7 37. Be1 d4 38. exd4 Rd5 39. Qb8+ Rd8 40. Qe5 Rd5
41. Qb8+ Rd8 42. Qb3 h6 43. Bf2 Kh7 44. Rd2 Qf7 45. Be3 Rxd4 46. Qb8 Rd7 47. b4
a6 48. Qc8 Rc7 49. Qa8 Qe7 50. Qb8 Rd7 51. Qc8 Rc7 52. Qb8 Rd7 53. Qc8 Rc7 54.
Qb8 Rd7 55. Qc8 Rc7 56. Qb8 1/2-1/2

[Event "28th Czech Open A 2017"]
[Site "Pardubice CZE"]
[Date "2017.07.22"]
[Round "2.21"]
[White "Galchenko, Matvey"]
[Black "Chernyshov, Konstantin"]
[Result "1/2-1/2"]
[WhiteTitle "FM"]
[BlackTitle "GM"]
[WhiteElo "2336"]
[BlackElo "2498"]
[WhiteFideId "24175480"]
[BlackFideId "4117328"]
[EventDate "2017.07.21"]

1. c4 Nf6 2. Nc3 e5 3. Nf3 Nc6 4. e3 Be7 5. d4 exd4 6. exd4 d5 7. h3 O-O 8. Be2
Be6 9. cxd5 Nxd5 10. O-O a6 11. a3 Re8 12. Qc2 Bf6 13. Be3 Nxc3 14. bxc3 Bd5 15.
a4 Qd6 16. Nd2 g6 17. Rab1 Rad8 18. Rfe1 a5 19. Bd3 Bg7 20. Ne4 Bxe4 21. Bxe4 b6
22. g3 Ne7 23. Bf4 Qd7 24. Qb3 Bf6 25. Qb5 Qxb5 26. axb5 Nd5 27. Bd2 Kg7 28. Kg2
Re6 29. Bf3 Rxe1 30. Rxe1 h5 31. Be4 Rd7 32. f4 Bd8 33. Bf3 f5 34. g4 hxg4 35.
hxg4 Nf6 36. g5 Nd5 37. c4 Ne7 38. Bc3 Nc8 39. Bd5 Rxd5 40. cxd5 Nd6 41. Rb1 Be7
42. Kf3 1/2-1/2

[Event "28th Czech Open A 2017"]
[Site "Pardubice CZE"]
[Date "2017.07.22"]
[Round "2.22"]
[White "Krykun, Yuriy"]
[Black "Potapov, Pavel"]
[Result "0-1"]
[WhiteTitle "FM"]
[BlackTitle "GM"]
[WhiteElo "2334"]
[BlackElo "2495"]
[WhiteFideId "14140667"]
[BlackFideId "4169786"]
[EventDate "2017.07.21"]

1. e4 c5 2. Nf3 Nc6 3. Bb5 g6 4. O-O Bg7 5. Re1 Nf6 6. Bxc6 dxc6 7. d3 O-O 8.
Bd2 Nd7 9. Qc1 Re8 10. e5 f6 11. Bc3 Nf8 12. exf6 exf6 13. Rxe8 Qxe8 14. Qe3
Qxe3 15. fxe3 Be6 16. Nbd2 Nd7 17. a4 b6 18. b3 Re8 19. e4 Bh6 20. Kf2 Kf7 21.
Re1 Ke7 22. Nc4 Bf4 23. Bd2 Bxd2 24. Ncxd2 Kd6 25. h3 Kc7 26. g4 h6 27. Kg3 b5
28. Ra1 Kb6 29. h4 g5 30. hxg5 hxg5 31. c3 Ne5 32. axb5 cxb5 33. d4 cxd4 34.
Nxd4 Bxg4 35. Rf1 Rf8 36. b4 a5 37. bxa5+ Kxa5 38. Ra1+ Kb6 39. Rb1 Bd7 40. Nxb5
Bxb5 41. c4 Nxc4 42. Nxc4+ Kc5 43. Nd2 Bc6 44. Rc1+ Kd6 45. e5+ fxe5 46. Nc4+
Ke6 47. Nxe5 Be4 48. Nc6 Rf3+ 49. Kg4 Kf6 50. Nd4 Rf2 51. Rc3 Rg2+ 52. Rg3 Rd2
53. Nb3 Rd1 54. Nc5 Bf5+ 55. Kf3 Rd4 56. Nb3 g4+ 57. Ke2 Rb4 58. Nd2 Kg5 59. Rb3
Rf4 60. Rb8 g3 61. Nf3+ Kh6 62. Ke3 Re4+ 63. Kd2 g2 64. Rb1 Bg4 65. Nh4 Re2+ 66.
Kc3 Kg5 67. Nxg2 Rxg2 68. Rb8 Kf4 69. Rb2 Rg1 70. Kd2 Bf5 71. Rb4+ Be4 72. Rb2
Rh1 73. Rb8 Rh2+ 74. Kc3 Ke3 75. Rb2 Rh1 76. Rb4 Bd3 77. Rb6 Rc1+ 78. Kb4 Be4
79. Rd6 Bc6 80. Rd8 Ke4 81. Kb3 Bd5+ 82. Kb2 Rc5 83. Rd7 Kd3 84. Rh7 Be6 85. Rg7
Rb5+ 86. Kc1 Bf5 87. Rg3+ Kd4 88. Kd2 Rb2+ 89. Kc1 Ra2 90. Rg8 Kc3 91. Kd1 Bd3
92. Rc8+ Bc4 93. Ke1 Re2+ 94. Kd1 Re7 95. Rc5 Ra7 96. Ra5 Bb3+ 0-1